000 00733nam a2200265 i 4500
001 C2-0131606
003 PPAK
005 20180727122443.0
008 971009s my a|||| ||||| | eng d
020 _a9679749762
040 _aPPAK
_beng
_cPPAK
_erda
082 0 4 _a428.6
_223
090 0 0 _a428.6
_bMUB
_dK
100 0 _aMubarak,
_eauthor
245 1 4 _aThe value of friendship
264 1 _aKuala Lumpur :
_bHasrat ,
_c[date of publication not identified]
300 _a[n.p] :
_billustrations ;
_c25 cm
336 _2rdacontent
_atext
337 _2rdamedia
_aunmediated
338 _2rdacarrier
_avolume
490 1 _aSelecteed Moral Stories
650 1 0 _aReaders
830 0 _aSelecteed Moral Stories
942 _ddc
_cB
999 _c40857
_d40857